Responses for Show #1688 - Wednesday, December 25, 1991

Contestants

[<< previous game]

Mary Hurley, a senior gardener originally from Stockton, California

Doug Petersen, a dentist originally from Minneapolis, Minnesota

Larry Dunn, an export manager from Northridge, California (whose 2-day cash winnings total $17,800)

[next game >>]

Jeopardy! Round responses

AIR
DISNEY VILLAINS
NATIONAL HISTORIC SITES
U.S. NAVY
WORD ORIGINS
BROKEN
    $100 18
hot air

Mary
    $100 10
Captain Hook

Doug
    $100 11
(Larry: I almost said Jimmy--Jimmy Connors.)

Jimmy Carter

Larry
    $100 3
"Anchors Aweigh"

Doug
    $100 1
(Alex: Larry, you get to pick first. I should point out that even though there is a Navy man as a contestant and NAVY as a category, it often happens that the player who would seem to be favored never gets a chance to ring in because of slow reflexes.)
[Doug laughs.]
(Alex: So Doug will have to guard against that. Larry, you pick the subject.)
(Larry: Just in case, WORD ORIGINS for $100, please.)

Vaudeville

Mary
    $100 26
the (tablets on which the Ten) Commandments (were written)

Larry
    $200 19
an air pocket

Larry
    $200 14
Winnie the Pooh

Larry
    $200 13
Pennsylvania Avenue

Mary
    $200 4
a submarine

Larry
    $200 2
iron

Doug
    $200 27
a leg

Larry
    $600 20
(Larry: What is oxygen?)
(Alex: No. Oxygen is an element, or a gas.)

carbon dioxide

Larry
    $300 15
The Rescuers

Mary
    $300 23
the Transcontinental Railroad

Doug
    $300 5
Newport

Doug
    $300 8
a nucleus

Doug
    $300 28
a heart

Larry
    $400 21
George Westinghouse

Triple Stumper
    $400 16
a fox

Mary
    $400 24
(Alex: And we have less than a minute to go.)

(John) Muir

Mary
    $400 6
Admiral Farragut

Larry
    $400 9
(Doug: What is hepatitis?)

jaundice

DougMary
    $400 29
the speed of sound

Larry
    $500 22
(Doug: What is subtropical?)
(Larry: What is temperate?)

equatorial

LarryDoug
Triple Stumper
    $500 17
Maleficent

Larry
    $500 25
Massachusetts

Doug
    $500 7
(Alex: Would've been great if Mary had gotten this one.)
[Mary laughs.]

James Forrestal

Triple Stumper
    $500 12
a nabob

Larry
    $500 30
the tomb of King Tut

Mary

Scores at the first commercial break (after clue 12):

Larry Doug Mary
$1,200 $600 $500

Scores at the end of the Jeopardy! Round:

Larry Doug Mary
$2,000 $900 $2,400

Double Jeopardy! Round responses

VICE PRESIDENTS
SHORT STORIES
THE OTTOMAN EMPIRE
GEMS
PEOPLE
ZOOLOGY
    $200 1
(Mary: Uh... who was... oh!)
(Alex: Sorry.)

Nelson Rockefeller

DougMary
    $200 4
(Rudyard) Kipling

Mary
    $200 16
Islam

Larry
    $200 8
amethyst

Mary
    $200 21
Diana Ross

Doug
    $200 26
entomology

Mary
    $400 2
Aaron Burr

Doug
    $400 5
"The Gift of the Magi"

Larry
    $400 17
Turkey

Larry
    $1,000 9
the Hope Diamond

Mary
    $400 22
Burt Reynolds

Mary
    $400 27
preening

Larry
    $600 3
Adlai Stevenson

Mary
    $600 13
(Mary: Who is Kipling?)
(Larry: Who is Edgar Allan Poe?)

Nathaniel Hawthorne

LarryMary
Triple Stumper
    $600 18
the 20th century

Larry
    $600 10
the Red Sea

Doug
    $600 23
(Larry: Who is Abigail van Buren?)
(Mary: Who is Ann Landers?)
...
(Alex: They are not really gossip columnists, but [*] is.)

Liz Smith

LarryMary
Triple Stumper
    $600 28
a squid

Larry
    $800 6
Hubert Humphrey

Doug
    $800 14
a rocking horse

Larry
    $800 19
(Doug: Who's Scarface?)
...
(Alex: He was called [*] because of his red beard.)

Barbarossa

Doug
Triple Stumper
    $800 11
(Larry: What is a sapphire?)

an opal

LarryMary
    $1,000 24
Ben Bradlee

Mary
    $800 29
[Mary pronounced the correct response with a "CH" sound.]
(Alex: No.)
(Female judge: Yes.)

pincer

Mary
    $1000 7
(Larry: Who is Wallace?)
...
(Alex: Didn't think much of the vice presidency.)

John Nance Garner

Larry
Triple Stumper
    $1000 15
Guy de Maupassant

Larry
    $1000 20
Suleyman the Magnificent

Triple Stumper
    $1000 12
pearls

Mary
    $1000 25
(Alex: One minute to deal with ZOOLOGY.)

(King) Olav

Doug
    $1000 30
(Larry: [*]? [More clear enunciation] [*]? What is a [*]?)
(Alex: Yes, and you said it before the timing device went out. I'm happy for your sake that you did that. Takes a load off of me.)

proboscis monkey

Larry

Scores at the end of the Double Jeopardy! Round:

Larry Doug Mary
$4,400 $3,300 $7,200

[wagering suggestions for these scores]

Final Jeopardy! Round responses

CHINA
DougWhat is Ming
$3,299
LarryWhat is the Manchu
$4,300
MaryWhat was the Manchu Dynasty?
$4,401
the Ch'ing (or Manchu) Dynasty

Final scores:

Larry Doug Mary
$8,700 $1 $11,601
2nd place: a trip to Orlando, Florida with 1 week at the Orlando Marriott International Drive 3rd place: Ross Simons diamond-starred 14-karat gold bracelet + a Nintendo Entertainment System with Super Jeopardy! & Wheel of Fortune + InfoGenius for Nintendo Game Boy New champion: $11,601

Game dynamics:

Coryat scores:

Larry Doug Mary
$5,000 $3,300 $6,400
20 R,
6 W
(including 1 DD)
13 R,
3 W
18 R
(including 2 DDs),
3 W

Combined Coryat: $14,700

[game clues] [game scores] [suggest correction]

Game tape date: 1991-10-01
The J! Archive is created by fans, for fans. Scraping, republication, monetization, and malicious use prohibited; this site may use cookies and collect identifying information. See terms. The Jeopardy! game show and all elements thereof, including but not limited to copyright and trademark thereto, are the property of Jeopardy Productions, Inc. and are protected under law. This website is not affiliated with, sponsored by, or operated by Jeopardy Productions, Inc. Join the discussion at JBoard.tv.